| 000 -LEADER |
| fixed length control field |
00808nam a22001337a 4500 |
| 040 ## - CATALOGING SOURCE |
| Transcribing agency |
RUA |
| 082 ## - DEWEY DECIMAL CLASSIFICATION NUMBER |
| Classification number |
ATM IV 2005 B220 Or.1 |
| 100 ## - MAIN ENTRY--AUTHOR NAME |
| Personal name |
IV SOKRANN; អ៊ីវ សុខរ៉ាន់. |
| 245 ## - TITLE STATEMENT |
| Title |
The study on village development committee in development program of department of rural development in prek prosop district, kratie province, ការសិក្សាពីគណៈកម្មាធិការអភិវឌ្ឍន៍ភូមិក្នុងកម្មវិធីអភិវឌ្ឍន៍របស់មន្ទីអភិវឌ្ឍន៍ជនបទ ក្នុងស្រុកព្រែកប្រសព្វ ខេត្តក្រចេះ. |
| 260 ## - PUBLICATION, DISTRIBUTION, ETC. (IMPRINT) |
| Place of publication |
Phnom Penh |
| Name of publisher |
RUA |
| Year of publication |
2005 |
| 300 ## - PHYSICAL DESCRIPTION |
| Number of Pages |
ix; 46p. |
| Other physical details |
ill. |
| Dimensions |
29cm. |
| 856 ## - ELECTRONIC LOCATION AND ACCESS |
| Uniform Resource Identifier |
PREK PROS |
| 942 ## - ADDED ENTRY ELEMENTS (KOHA) |
| Koha item type |
AED |
| 952 ## - LOCATION AND ITEM INFORMATION (KOHA) |
| Withdrawn status [LOCAL, KOHA] |
0 |
| 952 ## - LOCATION AND ITEM INFORMATION (KOHA) |
| Withdrawn status [LOCAL, KOHA] |
0 |
| 952 ## - LOCATION AND ITEM INFORMATION (KOHA) |
| Withdrawn status [LOCAL, KOHA] |
0 |